Quizzes
Events
Quiz Creation
Community
Videos
Private Events
Remove Ads
Sign In
Join for FREE
Feedback
Dark Mode
Quiz Categories
Sports
Geography
Music
Movies
Television
Just For Fun
Miscellaneous
History
Literature
Language
Science
Gaming
Entertainment
Religion
Holiday
For Kids
Quiz Lab
Recent
Popular Today
Quiz Kudos Today
Editor Picks
Curator Picks
Quizzes by...
Day
Popularity
Type
Ratings
Length
Year
Community
Subscriptions
Recent Discussions
Orange Saloon
Badges
Playlists
Quests
Create
Leaderboards
Showdown
Live 5
Trivia Bingo
Activity
Puzzle Library
Sporcle Events
Private Events
Virtual Trivia
Globe League
Become a Host
Pub Owners
SporcleCon
Opinionation
Our Games
Videos
Blog
Mobile Apps
Partnerships
Remove Ads and Go Orange
Feedback
Gaming
Video Games
Board Games
Card Games
Pokémon
Mario
Nintendo
Minecraft
Console
Toys
Legend of Zelda
Gaming
Video Games
Board Games
Card Games
Pokémon
Mario
Nintendo
Minecraft
Console
Toys
Legend of Zelda
Random Quiz
Search Sporcle
×
Quiz Lab
Quiz Lab
Gaming
Pokémon
Type in answers that appear in a list
Type in answers that appear in a list
Classic
Best Score? Go Orange.
Legendary Pokemon Origins Stats
Can you name the Legendary Pokemon Origins?
By
shadowboltem4
10m
49 Questions
78 Plays
78 Plays
78 Plays
Comments
Comments
Give Quiz Kudos
Give Quiz Kudos
-
- Ratings
hide this ad
Forced Order
Answers have to be entered in order
Answers have to be entered in order
Replay
Link that replays current quiz
Next Quiz
Link to next quiz in quiz playlist
You Got
0%
They Got
Avg Score
17%
Avg Friend Score
Upgrade to see
Score Distribution
Jump to the score distribution portion of the page
Score
0/49
Timer
10:00
0
Plays Today
pokemon
concept/origin
% Correct
moltres
phoenix
89.7%
zapdos
thunderbird
47.4%
mew
embryo
38.5%
ho-
oh
phoenix
38.5%
regirock
stone age
35.9%
regice
ice age
35.9%
registeel
iron age
34.6%
dialga
time
29.5%
palkia
space
29.5%
entei
lion
28.2%
arceus
creation deity
28.2%
deoxys
alien
26.9%
celebi
nature spirit
24.4%
raikou
tiger
21.8%
regigigas
golem
21.8%
suicune
cheetah
19.2%
kyogre
leviathan
17.9%
shaymin
hedgehog
17.9%
groudon
behemoth
16.7%
darkrai
nightmares
16.7%
mewtwo
alien
15.4%
giratina
antimatter
14.1%
rayquaza
ziz
12.8%
uxie
fairy
12.8%
mesprit
fairy
12.8%
pokemon
concept/origin
% Correct
azelf
fairy
12.8%
thundurus
genie
12.8%
tornadus
genie
11.5%
jirachi
genie
10.3%
landorus
genie
10.3%
articuno
simurgh
9%
genesect
insect
9%
virizion
aramis
7.7%
reshiram
yinyang
7.7%
zekrom
yinyang
7.7%
meloetta
singer
7.7%
latias
yinyang
6.4%
latios
yinyang
6.4%
heatran
turtle
6.4%
phione
sea angel
6.4%
manaphy
sea angel
6.4%
victini
nike
6.4%
keldeo
kelpie
6.4%
cresselia
lunar spirit
5.1%
terrakion
porthos
5.1%
rotom
poltergeist
5.1%
lugia
ryujin
3.8%
kyurem
wuji
3.8%
cobalion
athos
2.6%
Quiz Playlist
Details
Report
Send in Message
Add To Playlist
Classic:
Type in answers that appear in a list
Forced Order:
Answers have to be entered in order
Last Updated: Feb 16, 2017
Quiz Scoreboard
CHALLENGE
Sign Up to Join the Scoreboard
Show All
Scores
Hide
Comments
May contain spoilers
Recently Published
Decade Duel: World Leaders
by jenniferyan
History
4m
Alphabetical 'K' Countries by Flag Minefield
by ylime102
Geography
3m
Pick 6: Fruits
by JohnFran
Miscellaneous
15s
More to Explore
Quiz From the Vault
Featured Blog Post
15 Basketball Trivia Facts You Can Be March Mad About
hide this ad
You Might Also Like...
Tags
Pokémon Quiz
Legendary Pokémon
Today's Top Quizzes in Gaming
Browse Gaming
hide this ad
Today's Top Quizzes in Pokémon
Browse Pokémon
Top Contributed Quizzes in Gaming
1
Pokémon Gen IV Logic Puzzle (HARD)
2
HARD Pokemon Logic Puzzle
3
Honkai: Star Rail Technique Names Quiz
4
Order Genshin Impact characters by release date!
5
Rainbow Six Siege Operators by Picture
6
Genshin Impact Logic Puzzle
7
Magic: the Gathering Set Symbols - LCI
8
Wii Remote Buttons
9
The Slinky Quiz
10
Genshin Impact Logic Puzzle Quiz
Explore More
Trending Topics
Harry Potter
Disney
NBA
Marvel
Crossword
Anime
Kpop
Pokémon
Soccer
Song
Country
The Office
NFL
Puzzle
WWE
hide this ad
More By:
shadowboltem4
Quiz
Plays
Rating
Category
Featured
Created
Monster hunter: Name the monster to its title
374
3.67
Gaming
Jul 23, 2013
Movie by famous quote
106
1.67
Movies
Mar 6, 2013
Legendary Pokemon Origins
78
1.00
Gaming
Jan 11, 2013
Go to Creator's Profile
Score Distribution
Quiz Creator Spotlight
shadowboltem4
Follow
Send a Message
Quizzes Created
-
Created Quiz Play Count
-
More By This Creator
Popular Quizzes Today
1
Countries of Asia Without Outlines Minefield
2
Find the US States - No Outlines Minefield
3
Pick 6: Fruits
4
The Countries of the World
5
Alphabetical 'K' Countries by Flag Minefield
6
Find the Countries of Europe - No Outlines Minefield
7
US States
8
Find the US States
More Gaming Quizzes
Fortnite Battle Royale: Explosive Items
Quiz Lab
Trending Quizzes
Pick 6: Mountains
Pick 6: Harry Potter
Pick 6: Flags
Pick 6: NFL Teams
Pick 6: Movie Franchises
Recently Updated
Adaptations: Name the Title
pecheneg
NWSL Teams
pecheneg
Women's Final Four Teams by Year
bhenderson79
Presidents Quartet II
eogle
Anything But Clue(do)
eogle
Anything But Oceanian Capitals
eogle
Anything But 7
eogle
Anything But Thing
eogle
Word Ladder: February 29
pecheneg
Song Title Questions
pecheneg
Trending Topics
Disney
NBA
Marvel
Harry Potter
Crossword
Kpop
Anime
NFL
Puzzle
Song
The Office
Pokémon
Soccer
WWE
Country
Your Account Isn't Verified!
In order to create a playlist on Sporcle, you need to verify the email address you used during registration. Go to your
Sporcle Settings
to finish the process.
Report this User
Report this user for behavior that violates our
Community Guidelines
.
Details:
Send Report
Go to the Sporcle.com Mobile Site →
Comments